[Event "DEM U18 2003"]
[Site "Willingen GER"]
[Date "2003.06.08"]
[Round "2"]
[White "Pinchuk, Boris"]
[Black "Walter, Stefan"]
[Result "1/2-1/2"]
[Termination "normal"]
[Board "14"]
[WhiteElo "1961"]
[BlackElo "2100"]
[PlyCount "143"]
[BlackFideId "4686608"]
[EventCountry "GER"]
[EventRounds "9"]
[EventType "swiss"]
[EventDate "2003.06.07"]

1. e4 e5 2. Nf3 Nc6 3. Bb5 a6 4. Ba4 Nf6 5. Bxc6 dxc6 6. d3 Nd7 7. Nbd2 f6 8.
Nc4 Bd6 9. Nh4 Nf8 10. Bd2 Be6 11. Ne3 Qd7 12. a4 Ng6 13. Nhf5 O-O 14. h4 Ne7
15. g4 Kh8 16. h5 b5 17. Qf3 Bc5 18. Ng2 Rab8 19. Ngh4 Kg8 20. axb5 axb5 21.
Qh3 Ra8 22. Rb1 Ba2 23. Rd1 Bf7 24. g5 Be6 25. g6 Bxf5 26. Nxf5 Nxf5 27. gxh7+
Kf7 28. exf5 Rh8 29. Qg4 Rxh7 30. Qg6+ Kg8 31. Ke2 e4 32. Be3 Qd5 33. Rh4 Bxe3
34. fxe3 Rh6 35. Qg4 Re8 36. dxe4 Qc4+ 37. Kf2 Kf8 38. Rh2 Qf7 39. b4 Re5 40.
Rd4 Re8 41. Kg3 Qe7 42. Rhd2 Qe5+ 43. Kf3 Rh7 44. Rg2 Qe7 45. Kg3 c5 46. bxc5
Qxc5 47. Kf3 Qe7 48. Rgd2 Qf7 49. Qg6 Rxh5 50. Rd7 Qxg6 51. fxg6 Rg5 52. Rxc7
Rxg6 53. Rd5 Rh6 54. Rxb5 Rh3+ 55. Ke2 Kg8 56. Rbb7 Rxe4 57. Rxg7+ Kh8 58. Rgf7
Rhxe3+ 59. Kd2 Kg8 60. Rxf6 Re2+ 61. Kc3 Re6 62. Rxe6 Rxe6 63. Kb4 Kf8 64. c4
Ke8 65. Kb5 Kd8 66. c5 Kc8 67. Rh7 Rg6 68. Rf7 Rh6 69. Rf8+ Kc7 70. Rf7+ Kc8
71. c6 Rh1 72. Kc5 1/2-1/2

[Event "DEM U18 2003"]
[Site "Willingen GER"]
[Date "2003.06.09"]
[Round "3"]
[White "Schlichthaar, Robert"]
[Black "Braun, Arik"]
[Result "1/2-1/2"]
[Termination "normal"]
[Board "1"]
[WhiteElo "2190"]
[BlackElo "2324"]
[PlyCount "64"]
[WhiteFideId "4672763"]
[BlackFideId "4663527"]
[EventCountry "GER"]
[EventRounds "9"]
[EventType "swiss"]
[EventDate "2003.06.07"]

1. e4 e6 2. d4 d5 3. Nd2 Nf6 4. e5 Nfd7 5. f4 c5 6. Ngf3 Nc6 7. Nb3 c4 8. Nbd2
b5 9. Be2 Qa5 10. c3 b4 11. Qc2 Nb6 12. Nf1 Bd7 13. Ne3 bxc3 14. bxc3 Na4 15.
Bd2 Rb8 16. Nd1 Ba3 17. O-O Ne7 18. Bc1 Nb6 19. Ne3 Bxc1 20. Rfxc1 Na4 21. Nd1
h6 22. Rab1 Rb6 23. Nb2 Kd8 24. Bd1 Nxb2 25. Rxb2 Ba4 26. Qd2 Kc7 27. Bxa4 Qxa4
28. Rxb6 axb6 29. g4 g6 30. Kg2 Ra8 31. Rc2 Ra5 32. Nh4 Qd7 1/2-1/2

[Event "DEM U18 2003"]
[Site "Willingen GER"]
[Date "2003.06.09"]
[Round "3"]
[White "Rau, Hannes"]
[Black "Schaffer, Hendrik"]
[Result "0-1"]
[Termination "normal"]
[Board "2"]
[WhiteElo "2348"]
[BlackElo "2191"]
[PlyCount "146"]
[WhiteFideId "4657594"]
[BlackFideId "4663080"]
[EventCountry "GER"]
[EventRounds "9"]
[EventType "swiss"]
[EventDate "2003.06.07"]

1. d4 Nf6 2. c4 g6 3. Nc3 Bg7 4. e4 d6 5. Nf3 O-O 6. Be2 e5 7. O-O Nc6 8. d5
Ne7 9. b4 Nh5 10. Re1 f5 11. Ng5 Nf6 12. Bf3 c6 13. Be3 h6 14. Ne6 Bxe6 15.
dxe6 g5 16. g3 g4 17. Bg2 f4 18. Bc1 h5 19. Bb2 Ng6 20. c5 dxc5 21. bxc5 Qe7
22. Qb3 fxg3 23. hxg3 Rfe8 24. Ba3 Rab8 25. Bf1 Kh7 26. Bc4 Nf8 27. Nd5 cxd5
28. exd5 Nxd5 29. Bxd5 Nxe6 30. Qc2+ Kh8 31. Qf5 Ng5 32. c6 Qf6 33. Qxf6 Bxf6
34. c7 Rbc8 35. Rac1 Nf3+ 36. Bxf3 gxf3 37. Re4 Re6 38. Rc3 Kg7 39. Bb2 Re7 40.
g4 hxg4 41. Rxg4+ Kf7 42. Rxf3 Rcxc7 43. Re4 Ke6 44. Rfe3 Kf5 45. Ra4 a6 46.
Rf3+ Ke6 47. Rb4 b5 48. Kf1 Red7 49. Re3 Rc2 50. Rc3 Rd1+ 51. Kg2 Rdd2 52. Rxc2
Rxc2 53. Kf1 Be7 54. Rb3 Bc5 55. f3 Kd5 56. Ke1 b4 57. Kd1 Rg2 58. Kc1 a5 59.
Kb1 a4 60. Rd3+ Bd4 61. Bxd4 exd4 62. f4 Rf2 63. Rh3 Kc4 64. Rh8 a3 65. f5 Rxf5
66. Rh3 Rf1+ 67. Kc2 Rf2+ 68. Kb1 Rf1+ 69. Kc2 Ra1 70. Rc3+ Kd5 71. Rc8 Rxa2+
72. Kd3 b3 73. Rb8 b2 0-1

[Event "DEM U18 2003"]
[Site "Willingen GER"]
[Date "2003.06.09"]
[Round "3"]
[White "Zaragatski, Ilja"]
[Black "Meinhardt, Maximilian"]
[Result "1-0"]
[Termination "normal"]
[Board "3"]
[WhiteElo "2336"]
[BlackElo "2225"]
[PlyCount "83"]
[WhiteFideId "4655192"]
[BlackFideId "4668766"]
[EventCountry "GER"]
[EventRounds "9"]
[EventType "swiss"]
[EventDate "2003.06.07"]

1. e4 e6 2. d4 d5 3. Nd2 Nf6 4. e5 Nfd7 5. c3 c5 6. Bd3 Nc6 7. Ne2 cxd4 8. cxd4
Qb6 9. Nf3 f6 10. exf6 Nxf6 11. O-O Bd6 12. b3 e5 13. dxe5 Nxe5 14. Nf4 O-O 15.
Be2 Nxf3+ 16. Bxf3 d4 17. Nd3 Bf5 18. Bb2 Rad8 19. Rc1 Rfe8 20. Rc4 Bf8 21. Qd2
Be6 22. Rc2 Qa6 23. Ba1 Bd5 24. Bxd5+ Rxd5 25. Rd1 Bd6 26. h3 Qb5 27. Rc4 Ne4
28. Qc2 Rg5 29. Rc8 Nc3 30. Rxe8+ Qxe8 31. Bxc3 Qc6 32. f4 Rd5 33. Ne5 Bxe5 34.
fxe5 dxc3 35. Rxd5 Qxd5 36. Qxc3 Qd7 37. Qc4+ Kf8 38. Qc5+ Qe7 39. Qxa7 Qxe5
40. Qa8+ Ke7 41. Qxb7+ Kd8 42. Qb6+ 1-0

[Event "DEM U18 2003"]
[Site "Willingen GER"]
[Date "2003.06.09"]
[Round "3"]
[White "Boguslavskyy, Oleg"]
[Black "Grieger, Thomas"]
[Result "1-0"]
[Termination "normal"]
[Board "4"]
[WhiteElo "2299"]
[BlackElo "2044"]
[PlyCount "103"]
[WhiteFideId "14113929"]
[BlackFideId "4686616"]
[EventCountry "GER"]
[EventRounds "9"]
[EventType "swiss"]
[EventDate "2003.06.07"]

1. e4 e6 2. d4 d5 3. Nc3 Nf6 4. Bg5 Bb4 5. e5 h6 6. Bd2 Bxc3 7. bxc3 Ne4 8. Qg4
g6 9. Bd3 Nxd2 10. Kxd2 c5 11. h4 Nc6 12. Qf4 Qa5 13. Nf3 b6 14. Rab1 cxd4 15.
Nxd4 Nxd4 16. Qxd4 Ba6 17. Qb4 Qxb4 18. Rxb4 Bxd3 19. cxd3 Kd7 20. Rf4 Ke7 21.
Rf6 h5 22. Rh3 Rac8 23. Rhf3 Rh7 24. R3f4 Rg8 25. Ra4 a5 26. c4 Rd8 27. c5 bxc5
28. Rxa5 Rd7 29. Rxc5 Ra7 30. Rc8 Rxa2+ 31. Kc3 Ra7 32. Kb4 Kd7 33. Rf8 Kc6 34.
Rd8 Rb7+ 35. Kc3 Rd7 36. Ra8 Rb7 37. g3 Rc7 38. Rb8 Rb7 39. Ra8 Rc7 40. Kd4 Rb7
41. Rc8+ Kd7 42. Ra8 Rc7 43. Ke3 Rb7 44. f3 Ke7 45. Kf4 Rb3 46. Rxg6 Rxd3 47.
Ra7+ Kf8 48. Rxe6 Rd4+ 49. Ke3 Rb4 50. Rf6 Rg7 51. e6 Rxg3 52. Rfxf7+ 1-0

[Event "DEM U18 2003"]
[Site "Willingen GER"]
[Date "2003.06.09"]
[Round "3"]
[White "Seifert, Volker"]
[Black "Bindrich, Falko"]
[Result "1/2-1/2"]
[Termination "normal"]
[Board "5"]
[WhiteElo "2319"]
[BlackElo "2284"]
[PlyCount "60"]
[WhiteFideId "4658060"]
[BlackFideId "4676670"]
[EventCountry "GER"]
[EventRounds "9"]
[EventType "swiss"]
[EventDate "2003.06.07"]

1. d4 Nf6 2. c4 e6 3. Nc3 Bb4 4. Qc2 c5 5. dxc5 O-O 6. a3 Bxc5 7. Nf3 b6 8. Bf4
Nh5 9. Bg5 Be7 10. Bxe7 Qxe7 11. e3 Bb7 12. Be2 Nf6 13. O-O d5 14. cxd5 Nxd5
15. Nxd5 Bxd5 16. Rac1 a5 17. Qc7 Qxc7 18. Rxc7 Na6 19. Bxa6 Rxa6 20. Nd4 Re8
21. Rfc1 Kf8 22. f3 e5 23. Nb5 Raa8 24. e4 Be6 25. Kf2 Red8 26. Ke3 Rac8 27.
R1c6 Rb8 28. Rc3 Rd1 29. Rc1 Rbd8 30. Rxd1 Rxd1 1/2-1/2

[Event "DEM U18 2003"]
[Site "Willingen GER"]
[Date "2003.06.09"]
[Round "3"]
[White "Lubbe, Nikolas"]
[Black "Gasthofer, Alexander"]
[Result "0-1"]
[Termination "normal"]
[Board "6"]
[WhiteElo "2127"]
[BlackElo "2316"]
[PlyCount "112"]
[WhiteFideId "4694031"]
[BlackFideId "4655150"]
[EventCountry "GER"]
[EventRounds "9"]
[EventType "swiss"]
[EventDate "2003.06.07"]

1. d4 d5 2. Nf3 Nc6 3. c4 e5 4. e3 Bg4 5. dxe5 dxc4 6. Qa4 Qd7 7. Bxc4 Bxf3 8.
gxf3 Bb4+ 9. Bd2 Bxd2+ 10. Nxd2 Nxe5 11. Qxd7+ Nxd7 12. Rg1 g6 13. Ke2 Ngf6 14.
Rad1 Ke7 15. Ne4 Nxe4 16. fxe4 Rad8 17. Rg5 f6 18. Rgd5 Nb6 19. Rxd8 Rxd8 20.
Rxd8 Kxd8 21. Bb3 Ke7 22. f4 c5 23. Kd3 Nd7 24. Bd5 b6 25. Kc4 g5 26. Kd3 Kd6
27. Bc4 h6 28. h3 Nf8 29. Ke2 Ne6 30. Kf3 b5 31. Bxb5 gxf4 32. Bf1 fxe3 33.
Kxe3 Ke5 34. b3 Nf4 35. Kf3 h5 36. Ke3 h4 37. Kf3 a5 38. Ke3 Ne6 39. Bg2 Ng5
40. a4 Ne6 41. Bf3 c4 42. bxc4 Nc5 43. Bd1 Nxe4 44. Bf3 f5 45. Bxe4 fxe4 46. c5
Kd5 47. c6 Kxc6 48. Kxe4 Kc5 49. Kf5 Kb4 50. Kg4 Kxa4 51. Kxh4 Kb5 52. Kg5 a4
53. Kg6 a3 54. h4 a2 55. h5 a1=Q 56. Kh7 Qf6 0-1

[Event "DEM U18 2003"]
[Site "Willingen GER"]
[Date "2003.06.09"]
[Round "3"]
[White "Fiebig, Thomas"]
[Black "Schnock, Stefan"]
[Result "1-0"]
[Termination "normal"]
[Board "7"]
[WhiteElo "2255"]
[BlackElo "2037"]
[PlyCount "99"]
[WhiteFideId "4693922"]
[BlackFideId "4696646"]
[EventCountry "GER"]
[EventRounds "9"]
[EventType "swiss"]
[EventDate "2003.06.07"]

1. e4 e5 2. Nf3 Nc6 3. Bb5 a6 4. Bxc6 dxc6 5. Nc3 f6 6. d4 exd4 7. Nxd4 c5 8.
Nde2 Qxd1+ 9. Nxd1 Bd7 10. Bf4 O-O-O 11. Ne3 Bc6 12. f3 Bd6 13. Rd1 Ne7 14. Kf2
Rhe8 15. Rd2 Bxf4 16. Rxd8+ Rxd8 17. Nxf4 Rd6 18. Rd1 Rxd1 19. Nxd1 g6 20. Ne3
Kd7 21. Ng4 Ng8 22. h4 Ke7 23. Ne3 Kf7 24. Nfd5 Bxd5 25. Nxd5 c6 26. Nb6 Ke6
27. a4 Nh6 28. a5 Nf7 29. Nc4 Ke7 30. Ke3 h6 31. Kf4 Nd8 32. h5 gxh5 33. Kf5
Ne6 34. c3 Nf8 35. g3 Ne6 36. Kg6 Ng5 37. Nd2 Nf7 38. Kxh5 Ke6 39. Kg6 Ke7 40.
f4 Ke6 41. Nb3 Nd6 42. Nxc5+ Ke7 43. Kxh6 Nc4 44. b4 Nd6 45. Kg6 Nb5 46. Nxb7
Nxc3 47. Nc5 Ne2 48. Nxa6 Nxg3 49. Nc5 Ne2 50. a6 1-0

[Event "DEM U18 2003"]
[Site "Willingen GER"]
[Date "2003.06.09"]
[Round "3"]
[White "Koch, Moritz"]
[Black "Hort, Alexej"]
[Result "0-1"]
[Termination "normal"]
[Board "8"]
[WhiteElo "2213"]
[BlackElo "2015"]
[PlyCount "76"]
[WhiteFideId "4678460"]
[BlackFideId "4678125"]
[EventCountry "GER"]
[EventRounds "9"]
[EventType "swiss"]
[EventDate "2003.06.07"]

1. e4 c5 2. Nf3 d6 3. Bb5+ Nc6 4. O-O Bd7 5. Re1 a6 6. Bf1 g6 7. c3 Bg7 8. h3
e5 9. d3 Nf6 10. Be3 O-O 11. Qc1 Rc8 12. Bh6 b5 13. Bxg7 Kxg7 14. Nbd2 Nh5 15.
Qd1 Nf4 16. Kh2 a5 17. a4 b4 18. Nc4 Be6 19. Rc1 Bxc4 20. dxc4 bxc3 21. bxc3
Rb8 22. Qc2 f5 23. Rb1 Qd7 24. Rb5 Ne6 25. Rd1 Rbc8 26. exf5 gxf5 27. Nh4 e4
28. f3 Qe7 29. Qf2 Kh8 30. Rd5 Nf4 31. Nxf5 Qg5 32. Nxd6 Nxd5 33. Nxc8 Ne3 34.
Be2 exf3 35. Bxf3 Ne5 36. Rb8 Nxf3+ 37. Kh1 Qe5 38. gxf3 Qxb8 0-1

[Event "DEM U18 2003"]
[Site "Willingen GER"]
[Date "2003.06.09"]
[Round "3"]
[White "Döhn, Raphael"]
[Black "Kühner, Christian"]
[Result "1/2-1/2"]
[Termination "normal"]
[Board "9"]
[WhiteElo "2009"]
[BlackElo "2184"]
[PlyCount "136"]
[WhiteFideId "4695291"]
[BlackFideId "4679440"]
[EventCountry "GER"]
[EventRounds "9"]
[EventType "swiss"]
[EventDate "2003.06.07"]

1. e4 c5 2. Nf3 e6 3. d4 cxd4 4. Nxd4 a6 5. Nc3 Qc7 6. Be2 Nf6 7. O-O d6 8. f4
b5 9. Bf3 Bb7 10. e5 Nfd7 11. exd6 Bxd6 12. Kh1 Be7 13. Be3 b4 14. Ne4 O-O 15.
c3 Nc6 16. Rc1 Nxd4 17. Bxd4 Bd5 18. c4 Bc6 19. Qc2 Qb7 20. Rfd1 Rfd8 21. Qe2
Rac8 22. b3 a5 23. Rd3 Qa8 24. Rcd1 a4 25. Nd2 Nc5 26. Bxc6 Qxc6 27. Bxc5 Bxc5
28. Nf3 Bb6 29. Ne5 Qe8 30. R1d2 axb3 31. axb3 f6 32. Nf3 Kf7 33. Nd4 Bxd4 34.
Rxd4 Rxd4 35. Rxd4 Rd8 36. Qh5+ Kg8 37. Qxe8+ Rxe8 38. g3 Ra8 39. c5 Ra1+ 40.
Kg2 Rc1 41. Rxb4 Rxc5 42. Re4 Rc3 43. b4 Kf7 44. Kf2 Rb3 45. g4 Rb2+ 46. Kg3
Rb3+ 47. Kh4 h6 48. g5 hxg5+ 49. fxg5 f5 50. Rc4 e5 51. Rc7+ Kg6 52. Rc6+ Kh7
53. Rb6 e4 54. b5 f4 55. Kh5 g6+ 56. Rxg6 Rxb5 57. Rh6+ Kg7 58. Rg6+ Kh7 59.
Re6 e3 60. Kg4 Rb4 61. Kf3 Rb2 62. Kxf4 Rxh2 63. Rxe3 Ra2 64. Re7+ Kg6 65. Re6+
Kf7 66. Rb6 Rf2+ 67. Kg3 Ra2 68. Kg4 Kg7 1/2-1/2

[Event "DEM U18 2003"]
[Site "Willingen GER"]
[Date "2003.06.09"]
[Round "3"]
[White "Jovalekic, Oliver"]
[Black "Opitz, Alexander"]
[Result "1/2-1/2"]
[Termination "normal"]
[Board "10"]
[WhiteElo "2152"]
[BlackElo "2057"]
[PlyCount "67"]
[WhiteFideId "4682530"]
[EventCountry "GER"]
[EventRounds "9"]
[EventType "swiss"]
[EventDate "2003.06.07"]

1. d4 d5 2. Nf3 c6 3. e3 Bf5 4. c4 e6 5. Nc3 Nf6 6. Qb3 Qb6 7. Qxb6 axb6 8. Nh4
Bg4 9. f3 Bh5 10. g4 Bg6 11. Nxg6 hxg6 12. e4 dxe4 13. Nxe4 Nbd7 14. Bd3 Nxe4
15. Bxe4 Nf6 16. Bc2 Bd6 17. h3 O-O-O 18. Be3 Bg3+ 19. Kf1 e5 20. Rd1 exd4 21.
Rxd4 Be5 22. Rxd8+ Rxd8 23. b3 Bd4 24. Kf2 Kc7 25. Rd1 Bxe3+ 26. Kxe3 Rh8 27.
Rh1 g5 28. f4 Re8+ 29. Kf3 gxf4 30. Kxf4 Re2 31. Bb1 Kd6 32. h4 Rg2 33. g5 Nh5+
34. Kf3 1/2-1/2

[Event "DEM U18 2003"]
[Site "Willingen GER"]
[Date "2003.06.09"]
[Round "3"]
[White "Kosak, Michael"]
[Black "Pinchuk, Boris"]
[Result "1-0"]
[Termination "normal"]
[Board "12"]
[WhiteElo "1959"]
[BlackElo "1961"]
[PlyCount "75"]
[EventCountry "GER"]
[EventRounds "9"]
[EventType "swiss"]
[EventDate "2003.06.07"]

1. d4 d5 2. c4 e6 3. Nc3 Nf6 4. Bg5 Nbd7 5. e3 Be7 6. Nf3 O-O 7. Bd3 a6 8. cxd5
Nxd5 9. Bxe7 Qxe7 10. O-O b6 11. Nxd5 exd5 12. Qc2 Nf6 13. Rac1 Bg4 14. Qxc7
Qb4 15. Qc3 Qd6 16. Ne5 Be6 17. a3 Rfc8 18. Qd2 Ne4 19. Qe2 f6 20. Nf3 a5 21.
Nd2 Nxd2 22. Qxd2 f5 23. Rxc8+ Rxc8 24. Rc1 Rxc1+ 25. Qxc1 Bd7 26. Qc3 g6 27.
g3 Kf7 28. b4 axb4 29. Qxb4 Qc7 30. Kg2 g5 31. Qb3 Be6 32. Qc2 Qd7 33. Qb1 f4
34. Bxh7 Bh3+ 35. Kg1 Qe6 36. e4 dxe4 37. Qxe4 Qd6 38. Bf5 1-0

[Event "DEM U18 2003"]
[Site "Willingen GER"]
[Date "2003.06.09"]
[Round "3"]
[White "Rezasade, Amir"]
[Black "Nazarenus, Moritz"]
[Result "1-0"]
[Termination "normal"]
[Board "13"]
[WhiteElo "2103"]
[BlackElo "2117"]
[PlyCount "55"]
[WhiteFideId "4692950"]
[BlackFideId "4670540"]
[EventCountry "GER"]
[EventRounds "9"]
[EventType "swiss"]
[EventDate "2003.06.07"]

1. d4 d5 2. c4 c6 3. Nf3 Nf6 4. Nc3 e6 5. e3 Nbd7 6. Qc2 Bd6 7. g4 Nxg4 8. Rg1
Nxh2 9. Nxh2 Bxh2 10. Rxg7 Nf8 11. Rg2 Bc7 12. Bd2 Qe7 13. Bd3 dxc4 14. Bxc4
Bd7 15. O-O-O O-O-O 16. e4 Ng6 17. e5 h6 18. Ne4 Nh4 19. Rg4 Nf5 20. Bc3 Rhg8
21. Rf4 Rg6 22. Qb3 Rdg8 23. Bb4 Qd8 24. Nc5 Bb6 25. Nxd7 Qxd7 26. Rxf5 exf5
27. Bxf7 R8g7 28. e6 1-0

[Event "DEM U18 2003"]
[Site "Willingen GER"]
[Date "2003.06.09"]
[Round "3"]
[White "Holzschuh, Stephan"]
[Black "Suchin, Dimitry"]
[Result "1-0"]
[Termination "normal"]
[Board "14"]
[WhiteElo "2107"]
[BlackElo "2043"]
[PlyCount "75"]
[WhiteFideId "4677471"]
[BlackFideId "4671015"]
[EventCountry "GER"]
[EventRounds "9"]
[EventType "swiss"]
[EventDate "2003.06.07"]

1. e4 e6 2. d4 d5 3. e5 c5 4. c3 Qb6 5. Nf3 Bd7 6. Be2 Bb5 7. O-O Bxe2 8. Qxe2
Qa6 9. Qd1 Nc6 10. a3 c4 11. Nbd2 Nge7 12. Re1 Na5 13. Nf1 b5 14. Be3 Nb3 15.
Rb1 Qb7 16. N3d2 Nxd2 17. Nxd2 Nc6 18. f4 a5 19. f5 Qd7 20. fxe6 Qxe6 21. a4 b4
22. Nxc4 dxc4 23. d5 Qg6 24. dxc6 Qxc6 25. e6 fxe6 26. Qh5+ g6 27. Qe5 Rg8 28.
Rbd1 Bg7 29. Qg5 e5 30. Bd4 Bf6 31. Rxe5+ Bxe5 32. Qxe5+ Kd7 33. Bb6+ Kc8 34.
Rd6 Qxd6 35. Qxd6 Kb7 36. Qc7+ Ka6 37. Bxa5 Rab8 38. cxb4 1-0

[Event "DEM U18 2003"]
[Site "Willingen GER"]
[Date "2003.06.10"]
[Round "4"]
[White "Schaffer, Hendrik"]
[Black "Zaragatski, Ilja"]
[Result "1/2-1/2"]
[Termination "normal"]
[Board "1"]
[WhiteElo "2191"]
[BlackElo "2336"]
[PlyCount "68"]
[WhiteFideId "4663080"]
[BlackFideId "4655192"]
[EventCountry "GER"]
[EventRounds "9"]
[EventType "swiss"]
[EventDate "2003.06.07"]

1. d4 d5 2. c4 Nc6 3. Nc3 dxc4 4. d5 Ne5 5. Bf4 Ng6 6. Bg3 e5 7. e4 Bd6 8. Bxc4
a6 9. Nf3 h5 10. h3 h4 11. Bh2 Nf6 12. a3 Nh5 13. Ne2 Qf6 14. Qd3 Bd7 15. Qe3
Ngf4 16. Bxf4 Nxf4 17. Nxf4 exf4 18. Qc3 Qxc3+ 19. bxc3 O-O-O 20. Kd2 c6 21.
Nd4 c5 22. Nf3 f6 23. a4 g5 24. Bd3 Kc7 25. a5 Rhg8 26. Nh2 g4 27. Nxg4 Bxg4
28. hxg4 Rxg4 29. Bf1 f5 30. exf5 Rg5 31. c4 Rxf5 32. Ra3 Be5 33. Ke2 Bd4 34.
Kf3 Rf6 1/2-1/2

[Event "DEM U18 2003"]
[Site "Willingen GER"]
[Date "2003.06.10"]
[Round "4"]
[White "Braun, Arik"]
[Black "Boguslavskyy, Oleg"]
[Result "1-0"]
[Termination "normal"]
[Board "2"]
[WhiteElo "2324"]
[BlackElo "2299"]
[PlyCount "75"]
[WhiteFideId "4663527"]
[BlackFideId "14113929"]
[EventCountry "GER"]
[EventRounds "9"]
[EventType "swiss"]
[EventDate "2003.06.07"]

1. d4 d5 2. c4 e6 3. Nc3 Be7 4. Nf3 Nf6 5. cxd5 exd5 6. Bg5 c6 7. Qc2 g6 8. e3
Bf5 9. Bd3 Bxd3 10. Qxd3 Nbd7 11. h3 O-O 12. O-O Re8 13. Bf4 Bf8 14. Ne5 Nxe5
15. Bxe5 Nd7 16. Bf4 f5 17. f3 Qh4 18. Rae1 Re6 19. g3 Qe7 20. g4 fxg4 21. hxg4
Re8 22. Kf2 Qf7 23. Rh1 Bd6 24. Bh6 Nf6 25. Kg2 Nd7 26. Rh3 Qf6 27. e4 dxe4 28.
Nxe4 Qe7 29. Qb3 Kh8 30. Bg5 Qg7 31. Reh1 Nf8 32. Bh6 Qxd4 33. Bxf8 Bxf8 34.
Rxh7+ Kg8 35. Rd7 Qe5 36. Rhh7 a5 37. g5 a4 38. Nf6+ 1-0

[Event "DEM U18 2003"]
[Site "Willingen GER"]
[Date "2003.06.10"]
[Round "4"]
[White "Bindrich, Falko"]
[Black "Schlichthaar, Robert"]
[Result "1/2-1/2"]
[Termination "normal"]
[Board "3"]
[WhiteElo "2284"]
[BlackElo "2190"]
[PlyCount "45"]
[WhiteFideId "4676670"]
[BlackFideId "4672763"]
[EventCountry "GER"]
[EventRounds "9"]
[EventType "swiss"]
[EventDate "2003.06.07"]

1. e4 e5 2. Nf3 Nc6 3. Bb5 Nf6 4. O-O Nxe4 5. d4 Nd6 6. Bg5 Be7 7. Bxe7 Nxe7 8.
dxe5 Nxb5 9. a4 O-O 10. axb5 Nf5 11. Qd3 d6 12. Rd1 Be6 13. Nc3 h6 14. h3 Qe7
15. exd6 Nxd6 16. Qd4 b6 17. Nd5 Bxd5 18. Qxd5 Qf6 19. Nd4 Rae8 20. Rxa7 Re5
21. Qf3 Qxf3 22. Nxf3 Rc5 23. Nd4 1/2-1/2

[Event "DEM U18 2003"]
[Site "Willingen GER"]
[Date "2003.06.10"]
[Round "4"]
[White "Gasthofer, Alexander"]
[Black "Fiebig, Thomas"]
[Result "1-0"]
[Termination "normal"]
[Board "4"]
[WhiteElo "2316"]
[BlackElo "2255"]
[PlyCount "79"]
[WhiteFideId "4655150"]
[BlackFideId "4693922"]
[EventCountry "GER"]
[EventRounds "9"]
[EventType "swiss"]
[EventDate "2003.06.07"]

1. Nf3 d5 2. g3 Nf6 3. Bg2 e6 4. O-O Be7 5. d4 O-O 6. c4 dxc4 7. Ne5 Nc6 8.
Bxc6 bxc6 9. Nxc6 Qe8 10. Nxe7+ Qxe7 11. Qa4 a5 12. Qxc4 Ba6 13. Qc2 Rfd8 14.
Rd1 e5 15. dxe5 Rxd1+ 16. Qxd1 Qxe5 17. Nc3 c6 18. Bf4 Qe6 19. Qd6 Qxd6 20.
Bxd6 Nd5 21. e4 Nxc3 22. bxc3 Bc4 23. a4 Bb3 24. f4 f6 25. Kf2 Kf7 26. Ke3 Ke6
27. Bc5 Rd8 28. Rb1 Bxa4 29. Rb7 f5 30. Rxg7 fxe4 31. Rxh7 Bc2 32. Rh6+ Kf7 33.
Bd6 Kg7 34. Re6 Kf7 35. f5 a4 36. g4 Bb3 37. Rh6 Rg8 38. h3 Bd5 39. Rh7+ Ke8
40. Ra7 1-0

[Event "DEM U18 2003"]
[Site "Willingen GER"]
[Date "2003.06.10"]
[Round "4"]
[White "Grieger, Thomas"]
[Black "Rau, Hannes"]
[Result "0-1"]
[Termination "normal"]
[Board "6"]
[WhiteElo "2044"]
[BlackElo "2348"]
[PlyCount "60"]
[WhiteFideId "4686616"]
[BlackFideId "4657594"]
[EventCountry "GER"]
[EventRounds "9"]
[EventType "swiss"]
[EventDate "2003.06.07"]

1. e4 c5 2. Nf3 d6 3. d4 cxd4 4. Nxd4 Nf6 5. Nc3 Nc6 6. Bg5 e6 7. Qd2 a6 8.
O-O-O h6 9. Be3 Bd7 10. f4 b5 11. Bd3 Be7 12. Kb1 O-O 13. h3 Nxd4 14. Bxd4 Bc6
15. Qe3 b4 16. Ne2 Nd7 17. e5 dxe5 18. fxe5 Qc7 19. Nf4 Rfc8 20. h4 Ba4 21. Qe4
Nf8 22. Rh3 Bb5 23. Nh5 Bxd3 24. Qxd3 Ng6 25. g3 Bc5 26. c3 Nxe5 27. Qe4 Bxd4
28. cxd4 Nc4 29. Qd3 Rab8 30. g4 Na3+ 0-1

[Event "DEM U18 2003"]
[Site "Willingen GER"]
[Date "2003.06.10"]
[Round "4"]
[White "Rehfeldt, Frank"]
[Black "Seifert, Volker"]
[Result "0-1"]
[Termination "normal"]
[Board "7"]
[WhiteElo "1922"]
[BlackElo "2319"]
[PlyCount "76"]
[BlackFideId "4658060"]
[EventCountry "GER"]
[EventRounds "9"]
[EventType "swiss"]
[EventDate "2003.06.07"]

1. e4 e6 2. d4 d5 3. Nc3 Bb4 4. e5 Ne7 5. a3 Bxc3+ 6. bxc3 c5 7. Qg4 O-O 8. Bd3
Nbc6 9. Nf3 f5 10. exf6 Rxf6 11. Qh5 h6 12. O-O c4 13. Be2 Bd7 14. a4 Be8 15.
Qh3 Bg6 16. Bd1 Bf5 17. Qh5 Qa5 18. Bd2 Be4 19. Be1 Raf8 20. Nd2 Bh7 21. Qh3
Ng6 22. Qe3 Nce7 23. Bg4 Qa6 24. f3 Nf4 25. Bg3 g5 26. h4 Bxc2 27. hxg5 hxg5
28. Bxf4 gxf4 29. Qe5 Ng6 30. Qg5 Qd6 31. Rfe1 Kg7 32. Re5 Bf5 33. Rae1 Qa3 34.
Nb1 Qxa4 35. Bxf5 Rxf5 36. Rxf5 Rxf5 37. Qd8 Qc6 38. Kf2 Rf8 0-1

[Event "DEM U18 2003"]
[Site "Willingen GER"]
[Date "2003.06.10"]
[Round "4"]
[White "Meinhardt, Maximilian"]
[Black "Jovalekic, Oliver"]
[Result "1/2-1/2"]
[Termination "normal"]
[Board "8"]
[WhiteElo "2225"]
[BlackElo "2152"]
[PlyCount "67"]
[WhiteFideId "4668766"]
[BlackFideId "4682530"]
[EventCountry "GER"]
[EventRounds "9"]
[EventType "swiss"]
[EventDate "2003.06.07"]

1. e4 c5 2. Nc3 Nc6 3. Nf3 e6 4. d4 cxd4 5. Nxd4 Nf6 6. Ndb5 d6 7. Bf4 e5 8.
Bg5 a6 9. Na3 b5 10. Bxf6 gxf6 11. Nd5 f5 12. Bd3 Be6 13. Qh5 Bxd5 14. exd5 Ne7
15. Bxf5 Qa5+ 16. c3 b4 17. Nc4 Qxd5 18. Nxd6+ Qxd6 19. Rd1 Qc6 20. Bd7+ Qxd7
21. Rxd7 Kxd7 22. Qxe5 Rg8 23. O-O Rg6 24. Rd1+ Ke8 25. Qc7 f5 26. Qd7+ Kf7 27.
Rd5 bxc3 28. bxc3 Rb8 29. g3 Rf6 30. Rd6 Rb6 31. Rxf6+ Rxf6 32. Qd1 Kg6 33. Qd8
Kf7 34. Qd1 1/2-1/2

[Event "DEM U18 2003"]
[Site "Willingen GER"]
[Date "2003.06.10"]
[Round "4"]
[White "Opitz, Alexander"]
[Black "Kosak, Michael"]
[Result "0-1"]
[Termination "normal"]
[Board "9"]
[WhiteElo "2057"]
[BlackElo "1959"]
[PlyCount "70"]
[EventCountry "GER"]
[EventRounds "9"]
[EventType "swiss"]
[EventDate "2003.06.07"]

1. e4 c5 2. c3 d5 3. exd5 Qxd5 4. d4 Nf6 5. Nf3 Bg4 6. Be2 e6 7. h3 Bh5 8. O-O
Nc6 9. Be3 cxd4 10. cxd4 Bb4 11. Nc3 Qa5 12. Qb3 O-O 13. Rac1 Rfd8 14. a3 Bxc3
15. bxc3 Qb6 16. Qa2 Nd5 17. c4 Nxe3 18. fxe3 Rac8 19. Rf2 Rc7 20. Rb1 Qa6 21.
Rbf1 Qa5 22. c5 Qc3 23. Ng5 Qxe3 24. Bxh5 g6 25. Bg4 Qxg5 26. Rxf7 Rxf7 27.
Bxe6 Nxd4 28. Bxf7+ Kg7 29. Kh1 Nf5 30. Rb1 Rd2 31. Qa1+ Nd4 32. Rg1 Kxf7 33.
Qf1+ Kg7 34. Qb1 Qd5 35. Qe1 Nf5 0-1